000 00650cab a2200217 4500
001 ABS49534
008 090401t1993 xxu||||| |||| 00| 0 eng d
035 _a(Sirsi) u71734
041 _aeng
100 _aBill, P.
245 _aEastward Yeo!
260 _c1993
350 _a0
490 _aBuilding
_v258(7813) 1 October 1993, 33-41(8)
520 _aCovers the recent trade mission to China where construction plans and projects abound. Includes the reactions of some of the businessmen participating in the tour.
650 _aCHINA
650 _aCONSTRUCTION MARKET
690 _aOVERSEAS-EUROPE
942 _n0
948 _c04/03/1997
999 _c45256
_d45256